000
00305nam a2200133Ia 4500
008
240624s9999 xx 000 0 und d
041
_a
eng
082
_a
823 BAS
100
_a
BASU DIKSHA
245
_a
OPENING NIGHT
260
_c
2012
_a
New Delhi
_b
HarperCollins
300
_a
288 : p.
365
_c
RS
_b
25
999
_c
19276
_d
19276